Pays vainqueurs de la Coupe du Monde de Foot... ou pas - Statistiques

Statistiques générales
  • Ce quiz a été pris 1 246 fois
  • Le résultat moyen est 18 sur 20
Statistiques - réponses
Hint Réponse % Correct
Brésil Oui
98%
Argentine Oui
98%
France Oui
98%
Corée du Sud Non
97%
Allemagne(+ex RFA) Oui
97%
Italie Oui
96%
Espagne Oui
96%
Suède Non
95%
Pologne Non
95%
Etats-Unis Non
94%
Hongrie Non
93%
Belgique Non
93%
Mexique Non
91%
Tchécoslovaquie Non
91%
Angleterre Oui
91%
Uruguay Oui
89%
Croatie Non
88%
Portugal Non
87%
URSS Non
84%
Pays-Bas Non
78%
Aucun quiz correspondant
Distribution des résultats
% des personnes avec chaque résultat
Percentile par nombre de réponses
Votre historique - résultats
Vous n’avez pas pris ce quiz